01576nam a22003977a 4500003000500000005001700005008004100022010001100063011001100074035001100085040000900096090001000105100003400115245015800149260004000307500006000347502008500407590002400492590002800516590002800544590002800572590002800600590002800628590002900656650003200685650002800717650002200745650001900767856006400786901000700850942001400857949006900871949007400940999001901014952014501033CHAP20241106103020.0111018s2011 mx r 00010 spa d a102403 a103375 a114064 cCHAP aTesis1 aSilva Muñoz, Lía.910602410aPasteurización del sustrato para la producción de hongos seta (Pleurotus spp.) mediante el uso de energia solarh[En línea)c/por Lia Silva Muñoz aChapingo, Méx. :bEl autor,c2011 aPara ver el contenido del material haga clic en la liga aTesis (Ing. Agroindustrial) -- UACH. Departamento de Ingeniería Agroindustrial aALEPHb10c20130110 aBATCH-UPDb10c20130110 aBATCH-UPDb10c20130410 aBATCH-UPDb10c20130914 aBATCH-UPDb10c20140324 aBATCH-UPDb10c20141002 aCONVERSIONb10c2013010914aHongosxRendimiento.95611814aPasteurizadoras.98591514aPleurotus.98917314aSetas.9105368 3Finding aiduhttp://10.13.5.2/tesis/114064.PDFzTeclea aqui aBK cFOLL2ddc aTesisbBCcTESd33724002308801eTS1gDonaciØnh52906i114064st aTesisbBCcTESd33724002309579eTS2fc.2gDonaciØnh52907i114064st c102403d102403 00102local4051708TESISaBCbBCcPA_TESISd2019-12-31eDonacionfTESISl0oTesisp33724002308801r2019-12-31 00:00:00w2019-12-31yTESIS